000 01263namaa2200337 i 4500
003 EG-GICUC
005 20260315133034.0
008 260315s2016 ua |||jr|||| 000 0 ara d
017 _a2016 / 10265
_bدار الكتب والوثائق القومية (مصر)
020 _a9789777950640
040 _aEG-GiCUC
_bara
_cEG-GiCUC
_dEG-GiCUC
_erda
082 0 4 _221
_a809
_bF224
092 0 4 _221
_a809
_bF224
099 _a809 F224
100 1 _aفريد، ماهر شفيق
_eمؤلف.
245 1 _aما وراء النص :
_b اتجاهات النقد الأدبى الغربى فى يومنا هذا /
_cماهر شفيق فريد.
250 _aالطبعة الاولى
264 _aالقاهرة (مصر) :
_bالدار المصرية اللبنانية،
_c2016.
300 _a413 صفحة ؛
_c22 سم
336 _2rdacontent
_atext
337 _2rdamedia
_aUnmediated
338 _2rdacarrier
_avolume
490 _aرؤى نقدية
504 _a413-399 ببليوجرافيا: صفحات.
541 _aد. جابر عصفور ؛
_bالقاهرة ؛
_cإهداء ؛
_d2024.
650 1 7 _aالنقد الادبى
_2qrmak
650 1 7 _aالادب
_xتاريخ ونقد
_2qrmak
651 1 _2qrmak
905 _aAya
942 _2ddc
_cBK
_e21
_n0
999 _c179049
_d179049